| 000 | 00438nam a2200193Ia 4500 | ||
|---|---|---|---|
| 999 |
_c84730 _d84730 |
||
| 003 | 0100 | ||
| 005 | 20180228123146.0 | ||
| 008 | 130307s9999 xx 000 0 und d | ||
| 040 | _cARRUPELIB | ||
| 050 | _aDT779.8.S6A8 1939 | ||
| 100 |
_aArmstrong, H.C. _939788 |
||
| 245 |
_aGrey Steel: _ba study in arrogance / |
||
| 260 |
_aHarmondsworth _bPenguin Books Limited _c1939 |
||
| 300 | _axii | ||
| 300 | _b280p. 15cm. | ||
| 942 | 0 | 0 |
_01 _2lcc _cMONOGRAPH |